| 000 | 04278nab a2200277 ab4500 | ||
|---|---|---|---|
| 005 | 20260219154027.0 | ||
| 008 | 251016c2024 cl fr p#o# #00| spa d | ||
| 003 | |||
| 040 |
_aMX-MxUPN _bspa _cMX-MxUPN _eaacr2 |
||
| 100 | 1 |
_aVenegas Carrasco, Carolina _958845 |
|
| 100 | 1 |
_aAlarcón Hernández, Paola _958846 |
|
| 100 | 1 |
_aMaldonado Delgado, Paulina _958847 |
|
| 245 | 1 |
_aActitudes frente a la visibilidad LGBTIQ+ : _banálisis cualitativo de comentarios de prensa chilena en Facebook _h[recurso electrónico en línea] |
|
| 506 | 0 | _aAcceso abierto | |
| 520 | 3 |
_aEl objetivo de la investigación fue describir las actitudes hacia la visibilidad LGBTIQ+, presentes en comentarios a noticias de prensa chilena publicadas en Facebook entre los años 2019 y 2020. En el marco referencial se abordan los conceptos de visibilidad y actitudes, específicamente, prejuicio, discriminación y estigma. Se explica el rol de los servicios de redes sociales (RRSS) para la visibilidad LGBTIQ+. Mediante una metodología cualitativa y las principales técnicas de la teoría fundamentada empíricamente, se analizaron de manera progresiva los datos obtenidos de la observación natural de comentarios de publicaciones de Facebook que cumplieron con los criterios de elegibilidad. El corpus quedó constituido por 2879 comentarios extraídos de 8 noticias. Se realizó un análisis de contenido inductivo, utilizando codificación abierta y codificación axial. El contenido verbal y gráfico de los comentarios fue sistematizado en categorías que organizan de manera gradual los comentarios desde las actitudes más positivas a las más negativas. Las actitudes positivas abogan por la importancia de la visibilidad LGBTIQ+, el derecho a una salud integral para todas las personas, el derecho a la igualdad y el respeto. Las actitudes negativas se relacionan principalmente con principios morales de la religión, la familia y/o la cisheteronorma y, en casos más extremos, validan el discurso de odio hacia personas LGBTIQ+. Comprender las actitudes frente a la visibilidad de personas LGBTIQ+ sería un componente importante para el diseño de estrategias educativas sobre diversidad sexual y de género en servicios de RRSSEl objetivo de la investigación fue describir las actitudes hacia la visibilidad LGBTIQ+, presentes en comentarios a noticias de prensa chilena publicadas en Facebook entre los años 2019 y 2020. En el marco referencial se abordan los conceptos de visibilidad y actitudes, específicamente, prejuicio, discriminación y estigma. Se explica el rol de los servicios de redes sociales (RRSS) para la visibilidad LGBTIQ+. Mediante una metodología cualitativa y las principales técnicas de la teoría fundamentada empíricamente, se analizaron de manera progresiva los datos obtenidos de la observación natural de comentarios de publicaciones de Facebook que cumplieron con los criterios de elegibilidad. El corpus quedó constituido por 2879 comentarios extraídos de 8 noticias. Se realizó un análisis de contenido inductivo, utilizando codificación abierta y codificación axial. El contenido verbal y gráfico de los comentarios fue sistematizado en categorías que organizan de manera gradual los comentarios desde las actitudes más positivas a las más negativas. Las actitudes positivas abogan por la importancia de la visibilidad LGBTIQ+, el derecho a una salud integral para todas las personas, el derecho a la igualdad y el respeto. Las actitudes negativas se relacionan principalmente con principios morales de la religión, la familia y/o la cisheteronorma y, en casos más extremos, validan el discurso de odio hacia personas LGBTIQ+. Comprender las actitudes frente a la visibilidad de personas LGBTIQ+ sería un componente importante para el diseño de estrategias educativas sobre diversidad sexual y de género en servicios de RRSS. _cPsykhe. |
|
| 653 | _aDiversidad sexual | ||
| 653 | _aLGBTIQ+ | ||
| 653 | _aPrensa | ||
| 653 | _aVisibilidad | ||
| 653 | _aActitudes | ||
| 773 |
_gVol. 33, no. 2, (2024), p. 1-17 _tPsykhe _x0718-2228 |
||
| 856 | 4 | _uhttps://ojs.uc.cl/index.php/psykhe/article/view/51183 | |
| 856 | 4 | _uhttps://ojs.uc.cl/index.php/psykhe/article/view/51183/62996 | |
| 902 | _aLeonor Sotres/190226 | ||
| 942 | _cART-E | ||
| 999 |
_c214655 _d214655 |
||